Actors who worked with Ben Affleck - Statistics

General Stats
  • This quiz has been taken 25 times
  • The average score is 11 of 46
Answer Stats
Films Answer % Correct
Air Matt Damon
86%
Gone Baby Gone Casey Affleck
76%
Argo Alan Arkin
62%
Gone Baby Gone Morgan Freeman
62%
Argo Bryan Cranston
57%
The Town Jeremy Renner
57%
Air Viola Davis
48%
Air Jason Bateman
43%
The Town Jon Hamm
38%
The Town Blake Lively
33%
Air Chris Tucker
33%
Gone Baby Gone Ed Harris
33%
Gone Baby Gone Amy Ryan
29%
Live by Night Elle Fanning
29%
The Town Rebecca Hall
29%
Live by Night Anthony Michael Hall
24%
Argo, Air, Live by Night Chris Messina
24%
Gone Baby Gone Michael Kenneth Williams
24%
Live by Night Zoe Saldana
24%
Live by Night Brendan Gleeson
19%
Argo John Goodman
19%
Air Marlon Wayans
19%
Gone Baby Gone Michelle Monaghan
19%
The Town Pete Postlethwaite
19%
The Town, Live by Night Chris Cooper
14%
Argo Clea DuVall
14%
Argo Kyle Chandler
14%
Argo Scoot McNairy
14%
Live by Night Sienna Miller
14%
Gone Baby Gone Amy Madigan
10%
Air Barbara Sukowa
10%
Argo Bob Gunton
10%
Argo Christopher Denham
10%
Live by Night Clark Gregg
10%
The Town Esai Morales
10%
Air Gustaf Skarsgard
10%
Gone Baby Gone John Ashton
10%
Air Julius Tennon
10%
Gone Baby Gone Mark Margolis
10%
Air, Gone Baby Gone, Live by Night Matthew Maher
10%
Argo Richard Kind
10%
Argo Rory Cochrane
10%
Argo Tate Donovan
10%
Argo, The Town, Gone Baby Gone, Live by Night Titus Welliver
10%
Argo Victor Garber
10%
Argo Zeljko Ivanek
10%
No matching quizzes found
Score Distribution
Percent of People with Each Score
Percentile by Number Answered
Your Score History
You have not taken this quiz